| 000 | 00367nam a2200133Ia 4500 | ||
|---|---|---|---|
| 008 | 220204s9999 xx 000 0 und d | ||
| 020 | _a1584881119 | ||
| 082 | _bSCH | ||
| 245 | 0 | _aContemporary statistical models for the plant and soil sciences | |
| 260 |
_aLondon _bCRC Press _c2002 |
||
| 700 | _aPierce, Francis J | ||
| 700 | _aSchabenberger, Oliver | ||
| 942 | _cBK | ||
| 999 |
_c42121 _d42121 |
||